00677 2200229 4500001002100000005001700021008004100038035002400079082001100103090002300114100001800137245009700155260004600252300002400298500003100322650001600353700002000369850001600389980001400405985000600419999002200425YOGYA-0209000004661520090227031233.0 ind  0010-020900000046615 a419.22 a419.22bEdi KlDEP aEDI SETIYANTO aKohesi dan koherensi dalam wacana dialog bahasa JawacEdi Setiyanto ; editor, Syamsul Arifin aYogyakartabBalai Bahasa Yogyakartac2006 axii, 140 hlmc20 cm aBibliografi : hlm. 137-139 aBahasa jawa aArifin, Syamsul aYOPDYOG (M) a3-12-2007 a1 aCB-D.11 2006-832h